Quizzes
Events
Quiz Creation
Community
Videos
Private Events
Remove Ads
Sign In
Join for FREE
Feedback
Dark Mode
Quiz Categories
Sports
Geography
Music
Movies
Television
Just For Fun
Miscellaneous
History
Literature
Language
Science
Gaming
Entertainment
Religion
Holiday
For Kids
Quiz Lab
Recent
Popular Today
Quiz Kudos Today
Editor Picks
Curator Picks
Quizzes by...
Day
Popularity
Type
Ratings
Length
Year
Community
Subscriptions
Recent Discussions
Orange Saloon
Badges
Playlists
Quests
Create
Leaderboards
Showdown
Live 5
Trivia Bingo
Activity
Puzzle Library
Sporcle Events
Private Events
Virtual Trivia
Globe League
Become a Host
Pub Owners
SporcleCon
Opinionation
Our Games
Videos
Blog
Mobile Apps
Partnerships
Remove Ads and Go Orange
Feedback
History
US Presidents
World Leaders
Politics
Nation
Discovery
War
Decade
Year
Century
Biography
Art
History
US Presidents
World Leaders
Politics
Nation
Discovery
War
Decade
Year
Century
Biography
Art
Random Quiz
Search Sporcle
×
Quiz Lab
Quiz Lab
History
Prime Ministers
Click on answers out of a set of options
Click on answers out of a set of options
Multiple Choice
Best Score? Go Orange.
20th Century Prime Ministers Stats
Pick the first name of the 20th Century British Prime Ministers.
By
onetruekev
4m
20 Questions
261 Plays
261 Plays
261 Plays
Comments
Comments
Give Quiz Kudos
Give Quiz Kudos
-
- Ratings
hide this ad
More Info
Random Order
Randomize order of answers
Randomize order of answers
Replay
Link that replays current quiz
Next Quiz
Link to next quiz in quiz playlist
You Got
0%
They Got
Avg Score
69%
Avg Friend Score
Upgrade to see
Score Distribution
Jump to the score distribution portion of the page
Score
0/20
Timer
04:00
0
Plays Today
Question
Answer
Wrong Answers
______ Lloyd-George
David
79.3%
Derrick
3.8%
Daniel
4.6%
Douglas
5%
______ Balfour
Arthur
74.7%
Alfred
6.9%
Andrew
13%
Alexander
4.6%
______ Gascoyne-Cecil (Marquess of Salisbury)
Robert
73.2%
Roger
6.9%
Richard
4.2%
Rupert
14.9%
______ Baldwin
Stanley
73.2%
Stephen
4.6%
Stuart
2.3%
Striply
3.8%
______ Chamberlain
Neville
71.6%
Nigel
1.9%
Neil
3.1%
Nelson
2.3%
______ Major
John
71.3%
Jack
1.1%
Jim
1.9%
Jeff
2.7%
______ Churchill
Winston
70.5%
Wilson
2.7%
William
3.8%
Windsor
1.9%
______ Campbell-Bannerman
Henry
70.5%
Herbert
11.5%
Humphrey
7.7%
Hubert
9.6%
______ Attlee
Clement
70.5%
Clive
2.7%
Cedric
3.4%
Carstairs
1.9%
______ Blair
Tony
69.7%
Trevor
0.8%
Timothy
3.4%
Tarquin
3.1%
______ Wilson
Harold
69.7%
Henry
3.8%
Hubert
2.3%
Harry
1.1%
______ Thatcher
Margaret
69.3%
Mary
3.1%
Marigold
2.3%
Martha
2.3%
______ MacMillan
Harold
69.3%
Henry
4.6%
Herbert
1.9%
Hugh
1.5%
______ Heath
Edward
68.6%
Edgar
2.7%
Elson
2.3%
Elbert
3.4%
______ Eden
Anthony
68.6%
Andrew
3.8%
Arthur
3.8%
Albert
1.5%
______ Law
Bonar
67%
Bonny
7.7%
Bonet
4.2%
Boniface
8%
______ Callaghan
James
66.3%
John
4.6%
Jack
3.1%
Justin
3.1%
______ Henry Asquith
Herbert
65.9%
Humphrey
9.6%
Hubert
13%
Hugh
9.2%
______ Douglas-Home
Alec
60.2%
Alex
6.9%
Allen
5%
Alan
5%
______ MacDonald
Ramsay
50.6%
Randolph
5%
Ramsey
23%
Randolf
1.9%
Quiz Playlist
Details
Report
Send in Message
Add To Playlist
More Info:
Pick the first name of the 20th Century British Prime Ministers, when given their surname.
Multiple Choice:
Click on answers out of a set of options
Random Order:
Randomize order of answers
Last Updated: May 11, 2017
Quiz Scoreboard
CHALLENGE
Sign Up to Join the Scoreboard
Show All
Scores
Hide
Comments
May contain spoilers
Recently Published
Movies - When Are They Set?
by FPL_Elf
Movies
5m
Popular People in 1961
by mucciniale
History
6m
1-10 Letter E Words III
by El_Dandy
Language
2m
More to Explore
Quiz From the Vault
Featured Blog Post
Where Did the Easter Bunny Come From?
hide this ad
You Might Also Like...
Tags
20th Century
Prime Ministers
Today's Top Quizzes in History
Browse History
hide this ad
Today's Top Quizzes in Prime Ministers
Browse Prime Ministers
Top Contributed Quizzes in History
1
Popular People in 1991
2
Popular People in 1981
3
Popular People in 1951
4
Popular People in 1941
5
Popular People in 1986
6
Popular People in 1976
7
Popular People in 1921
8
I Am Born On March 28th
9
Popular People in 1946
10
Popular People in 1936
Explore More
Trending Topics
Marvel
Kpop
NBA
Crossword
Harry Potter
Disney
Anime
Country
Pokémon
Puzzle
Song
NFL
The Office
WWE
Soccer
hide this ad
More By:
onetruekev
Quiz
Plays
Rating
Category
Featured
Created
Durham Borders
2,065
5.00
Geography
Oct 30, 2022
City of London Borders
1,455
5.00
Geography
Oct 30, 2022
North Yorkshire Borders
1,136
5.00
Geography
Nov 1, 2022
Norfolk Borders
501
5.00
Geography
Nov 1, 2022
Cornwall Borders
478
5.00
Geography
Oct 30, 2022
Go to Creator's Profile
Score Distribution
Quiz Creator Spotlight
onetruekev
Follow
Send a Message
Quizzes Created
-
Created Quiz Play Count
-
More By This Creator
Popular Quizzes Today
1
Find the Countries of Europe - No Outlines Minefield
2
Find the US States - No Outlines Minefield
3
The Countries of the World
4
Popular People in 1961
5
1-10 Letter E Words III
6
US States
7
Find the US States
8
One Thing in Common: World Cities II
More History Quizzes
Click a Russian Aircraft
Quiz Lab
Trending Quizzes
Risky Map Clicking: Least Populous States A-Z
Humor Books: The Subtitles
1-10 Letter F Words
1-10 Letter G Words
One Thing in Common: United Kingdom
Recently Updated
Leaping Animals
pecheneg
Reality TV Shows (A-Z)
bhenderson79
Rickey Henderson's Hall of Fame Teammates
pecheneg
Champions League XIs: Arsenal
pecheneg
Quick Pick: Celebrities in WWE's Hall of Fame
aduchscher
A-Z Keypad Blitz II
pecheneg
Multiple Oscar Actors
pecheneg
Mystery Phrase Blitz: Oscar 'Best Actors'
pecheneg
F. Scott Fitzgerald Novels
LTH
Pick 3 Villains
ddd62291
Trending Topics
Harry Potter
Crossword
Disney
Kpop
NBA
Marvel
Anime
Soccer
The Office
Puzzle
NFL
Country
Pokémon
Song
WWE
Your Account Isn't Verified!
In order to create a playlist on Sporcle, you need to verify the email address you used during registration. Go to your
Sporcle Settings
to finish the process.
Report this User
Report this user for behavior that violates our
Community Guidelines
.
Details:
Send Report
Go to the Sporcle.com Mobile Site →
Comments